000 00384cam a22001217a 4500
008 180718b1982 xxu||||| |||| 00| 0 eng d
082 _aT52x54 In2
100 _aRay, R.M.
245 _aLife insurance in India: perspectives in social security
_cby R.M. Ray
260 _aNew Delhi
_bIndian Institute of Public Administration
_c1982
300 _a279p.
650 _aLife insurance --India
999 _c475785
_d475785